banner koha

Triagem de cultivares e hibridos de melancia para resistencia ao virus do mosaico do mamoeiro - estirpe melancia (VMM-Me) (Registro n. 130708)

MARC details
000 -LÍDER
campo de controle de tamanho fixo 00885nas a2200253 4500
001 - NÚMERO DE CONTROLE
campo de controle BR9200680
003 - IDENTIFICADOR DO NÚMERO DE CONTROLE
campo de controle BR-BrBNA
005 - DATA E HORÁRIO DA ÚLTIMA TRANSAÇÃO
campo de controle 20231205092306.0
007 - CAMPO FIXO DE DESCRIÇÃO FÍSICA--INFORMAÇÃO GERAL
campo de controle de tamanho fixo ta
008 - CAMPO DE DADOS FIXOS--INFORMAÇÃO GERAL
campo de controle de tamanho fixo 230509b bl.|||p| |||| 00| 00por d
040 ## - FONTE DA CATALOGAÇÃO
Instituição da catalogação original BR-BrBNA
Idioma da catalogação por
Instituição que transcreveu o registro Biblioteca Nacional de Agricultura
041 ## - CÓDIGO DE IDIOMA
Código do idioma do texto/trilha sonora ou título diferente (Pt)
072 ## - CÓDIGO DE CATEGORIA DE ASSUNTO
Código de Categoria de Assunto F30; H20
100 1# - ENTRADA PRINCIPAL--NOME PESSOAL
Nome pessoal Hojo, H.
100 1# - ENTRADA PRINCIPAL--NOME PESSOAL
Nome pessoal Silva, N. da
100 1# - ENTRADA PRINCIPAL--NOME PESSOAL
Nome pessoal Pavan, M.A.
245 1# - TÍTULO
Título Triagem de cultivares e hibridos de melancia para resistencia ao virus do mosaico do mamoeiro - estirpe melancia (VMM-Me)
246 1# - FORMA VARIANTE DO TÍTULO
Título/título abreviado Screening of watermelon cultivars and hybrids for resistance to papaya ringspot virus - watermelon strain
650 ## - ASSUNTO--TERMO TÓPICO
Cabeçalho tópico ou nome geográfico MELANCIA
650 ## - ASSUNTO--TERMO TÓPICO
Cabeçalho tópico ou nome geográfico MOSAICO
773 0# - ENTRADA ANALÍTICA
Título Summa Phytopathologica (Brazil)
ISSN - International Standard Serial Number ISSN 0100-5405
Partes relacionadas (Apr-Jun 1991), v. 17(2) p. 113-118
Número de controle do registro BR9200680
909 ## -
-- 202311
-- Lúcia
-- 55
-- Lúcia Elande
942 ## - ELEMENTOS DE ENTRADA ADICIONADOS (KOHA)
Fonte da classificação ou esquema de arquivamento na estante Classificação AGRIS
Ocultar no OPAC Não
Tipo de material Koha Analítica
Exemplares
Situação do descarte Fonte da classificação ou esquema de arquivamento na estante Situação física Não pode ser emprestado Biblioteca de origem Biblioteca atual Localização na estante Enumeração do periódico / cronologia Total de empréstimos Data de último acesso Número do exemplar Tipo de material Koha Fonte de aquisição
  Classificação AGRIS   Consulta local Biblioteca Nacional de Agricultura - Binagri Biblioteca Nacional de Agricultura - Binagri   (Apr-Jun 1991), v. 17(2) p. 113-118   29/11/2023 01 Periódicos Portaria Interministerial nº 164/94

BINAGRI

Telefone: (61)3218-2567/2388/3357/2097 - binagri@agro.gov.br

Ministério da Agricultura e Pecuária , Esplanada dos Ministérios, Bloco D, Anexo B, Brasília/DF, CEP: 70.043-900